000
00289nam a22001337a 4500
008
181019b xxu||||| |||| 00| 0 eng d
020
_a
0030416361
041
_a
eng
080
_a
343.9
100
_a
13
101
_a
SHJ
245
_a
Crime and Criminology
_c
Reid, S.T
942
_2
udc
_c
BK
999
_c
50261
_d
50261